[Event "Czech Women's Championship"]
[Site "chess24.com"]
[Date "2020.09.05"]
[Round "1"]
[White "Kulovana, Eva"]
[Black "Novosadova, Kristyna"]
[Result "1/2-1/2"]
[WhiteElo "2178"]
[BlackElo "2168"]
[Board "1"]
[WhiteTitle "WGM"]
[WhiteCountry "CZE"]
[WhiteFideId "318779"]
[BlackTitle "WIM"]
[BlackCountry "CZE"]
[BlackFideId "328065"]

1.d4 d5 2.Nf3 Nf6 3.Bf4 c5 4.e3 Nc6 5.Be2 Qb6 6.Nc3 Bg4 7.dxc5 Qxc5 8.Ne5 
Bxe2 9.Qxe2 g5 10.Bg3 Bg7 11.Qb5 Qxb5 12.Nxb5 O-O 13.Nxc6 bxc6 14.Nd4 Rfc8
15.Nf5 Bf8 16.Be5 Nd7 17.Bc3 e6 18.Ng3 Bg7 19.Bxg7 Kxg7 20.h4 g4 21.f3 
gxf3 22.gxf3 Kh6 23.Kf2 Rg8 24.Rad1 Nf6 25.Rd4 Nh5 26.Ne2 f5 27.Ra4 Rg6 
28.Rg1 Rf6 29.f4 Rb8 30.b3 Rb7 31.Nd4 c5 32.Nc6 Rf8 33.Ra5 Nf6 34.Kf3 Ne4 
1/2-1/2

[Event "Czech Women's Championship"]
[Site "chess24.com"]
[Date "2020.09.05"]
[Round "1"]
[White "Kanakova, Natalie"]
[Black "Miturova, Magdalena"]
[Result "1/2-1/2"]
[WhiteElo "2134"]
[BlackElo "2202"]
[Board "3"]
[WhiteTitle "WIM"]
[WhiteCountry "CZE"]
[WhiteFideId "350486"]
[WhiteEloChange "2"]
[BlackTitle "WIM"]
[BlackCountry "CZE"]
[BlackFideId "330221"]
[BlackEloChange "-2"]

1.c4 Nf6 2.Nc3 e5 3.Nf3 Nc6 4.g3 Bb4 5.Qc2 Bxc3 6.Qxc3 e4 7.Nd4 O-O 8.Bg2 
Re8 9.O-O Ne5 10.b3 d5 11.cxd5 Nxd5 12.Qc2 f5 13.f3 Nf4 14.gxf4 Qxd4+ 15.
e3 Qd3 16.Qc3 Qxc3 17.dxc3 Nxf3+ 18.Bxf3 exf3 19.Rxf3 Bd7 20.c4 c5 21.Bb2 
Bc6 22.Rg3 g6 23.Kf2 Red8 24.Ke2 Rd7 25.Rd1 Rxd1 26.Kxd1 Rd8+ 27.Ke2 Kf7 
28.h4 h5 29.Rg1 Be4 30.Rc1 Rd7 1/2-1/2

[Event "Czech Women's Championship"]
[Site "chess24.com"]
[Date "2020.09.05"]
[Round "1"]
[White "Petrova, Kristyna"]
[Black "Sikorova, Olga"]
[Result "1/2-1/2"]
[WhiteElo "2277"]
[BlackElo "2205"]
[Board "4"]
[WhiteTitle "WIM"]
[WhiteCountry "CZE"]
[WhiteFideId "309672"]
[WhiteEloChange "-2"]
[BlackTitle "WGM"]
[BlackCountry "CZE"]
[BlackFideId "307033"]
[BlackEloChange "2"]

1.e4 e6 2.d4 d5 3.Nc3 Bb4 4.exd5 exd5 5.Bd3 Nf6 6.Ne2 c6 7.O-O O-O 8.a3 
Be7 9.h3 Nbd7 10.Ng3 Nb6 11.b3 Re8 12.Bf4 Bd6 13.Qf3 Bxf4 14.Qxf4 Be6 15.
Rfe1 Qb8 16.Nce2 Nbd7 17.Qxb8 Raxb8 18.Nf4 Nf8 19.f3 g6 20.Bf1 Rbd8 21.h4 
Bc8 22.Kf2 b6 23.Rxe8 Rxe8 24.Re1 Rxe1 25.Kxe1 Ne6 26.Nxe6 Bxe6 27.Kd2 Kf8
28.Ne2 Ke7 29.Nf4 Kd6 30.a4 a5 31.Ke3 1/2-1/2

[Event "Czech Women's Championship"]
[Site "chess24.com"]
[Date "2020.09.05"]
[Round "1"]
[White "Koubova, Anna Marie"]
[Black "Richterova, Natasa"]
[Result "0-1"]
[WhiteElo "2040"]
[BlackElo "2228"]
[Board "5"]
[WhiteCountry "CZE"]
[WhiteFideId "381470"]
[WhiteEloChange "-5"]
[BlackTitle "WIM"]
[BlackCountry "CZE"]
[BlackFideId "350591"]
[BlackEloChange "5"]

1.d4 d5 2.c4 e6 3.Nf3 c5 4.e3 Nf6 5.Nc3 Nc6 6.Be2 Be7 7.O-O O-O 8.dxc5 
Bxc5 9.a3 Ne4 10.Qc2 Nxc3 11.Qxc3 d4 12.exd4 Nxd4 13.Nxd4 Bxd4 14.Qb3 Qf6 
15.Bf3 Rb8 16.Be3 Bxb2 17.Bxa7 Ra8 18.Rab1 Be5 19.Bc5 Bxh2+ 20.Kxh2 Qe5+ 
21.g3 Qxc5 22.Qb4 Qf5 23.Kg2 e5 24.c5 Ra6 25.Rh1 h6 26.Rh5 Qe6 27.Re1 f5 
28.Be2 Qc6+ 29.Kg1 Ra4 30.Qb2 Rd4 31.Qb5 Qg6 32.Rh2 Kh8 33.Qb6 Qxb6 34.
cxb6 Rf6 35.Bf1 e4 36.f3 Rxb6 37.Rhe2 Rb3 38.fxe4 Rxg3+ 39.Kh2 Rg5 40.exf5
Rh4+ 41.Bh3 Bxf5 42.Re8+ Kh7 43.R1e3 Rgh5 0-1

[Event "Czech Women's Championship"]
[Site "chess24.com"]
[Date "2020.09.06"]
[Round "2"]
[White "Novosadova, Kristyna"]
[Black "Richterova, Natasa"]
[Result "1/2-1/2"]
[WhiteElo "2168"]
[BlackElo "2228"]
[Board "1"]
[WhiteTitle "WIM"]
[WhiteCountry "CZE"]
[WhiteFideId "328065"]
[WhiteEloChange "2"]
[BlackTitle "WIM"]
[BlackCountry "CZE"]
[BlackFideId "350591"]
[BlackEloChange "-2"]

1.d4 d5 2.c4 c6 3.Nc3 Nf6 4.Nf3 a6 5.e3 b5 6.b3 Bg4 7.Qc2 e6 8.c5 Nbd7 9.
Bd3 Bxf3 10.gxf3 e5 11.Bd2 exd4 12.exd4 Be7 13.Rg1 g6 14.O-O-O Qc7 15.Ne2 
O-O-O 16.Bf4 Qa5 17.Qb2 Rde8 18.b4 Qd8 19.h3 Nh5 20.Bh2 Bg5+ 21.Kb1 f5 22.
Bd6 Be7 23.Be5 Nxe5 24.dxe5 Kb7 25.a4 Qc7 26.axb5 axb5 27.f4 Rd8 28.Kc2 
Bh4 29.Qd4 Ng7 30.Ra1 Ne6 31.Qe3 Ra8 32.Nd4 Qd7 33.Nxe6 Qxe6 34.Qd4 
1/2-1/2

[Event "Czech Women's Championship"]
[Site "chess24.com"]
[Date "2020.09.06"]
[Round "2"]
[White "Sikorova, Olga"]
[Black "Koubova, Anna Marie"]
[Result "1-0"]
[WhiteElo "2205"]
[BlackElo "2040"]
[Board "2"]
[WhiteTitle "WGM"]
[WhiteCountry "CZE"]
[WhiteFideId "307033"]
[WhiteEloChange "6"]
[BlackCountry "CZE"]
[BlackFideId "381470"]
[BlackEloChange "-6"]

1.c4 e5 2.g3 Nf6 3.Bg2 d5 4.cxd5 Nxd5 5.Nc3 Nb6 6.Nf3 Nc6 7.O-O Be7 8.b3 
O-O 9.Bb2 Re8 10.d3 Bf8 11.Rc1 Nd4 12.e3 Nxf3+ 13.Bxf3 c6 14.Qc2 Bf5 15.
Rfd1 Qf6 16.Ne4 Qg6 17.Qe2 Rad8 18.Bh5 Qh6 19.Nc5 Bxc5 20.Rxc5 Nd7 21.Rcc1
Nf6 22.Bf3 e4 23.dxe4 Bxe4 24.Rxd8 Rxd8 25.Rd1 Re8 26.Bxf6 Bxf3 27.Qxf3 
Qxf6 28.Qxf6 gxf6 29.Rd7 Rb8 30.Kg2 a5 31.Rc7 Kg7 32.Kf3 a4 33.bxa4 Ra8 
34.Rxb7 Rxa4 35.Rb2 Kg6 36.Rc2 c5 37.h3 f5 38.Ke2 Ra3 39.Kd2 c4 40.Kc1 c3 
41.Kd1 h5 42.Ke2 h4 43.Kd3 hxg3 44.fxg3 Kf6 45.Kc4 Ke5 46.Kb4 Ra8 47.a4 
Rg8 48.g4 fxg4 49.hxg4 Rxg4+ 50.Kb5 f5 51.Rxc3 Rg1 52.Rb3 f4 53.exf4+ Kxf4
54.a5 Rg8 55.a6 Rb8+ 56.Ka4 Ra8 57.Ka5 Ke5 58.Rb7 Kd6 59.a7 Kc5 60.Ka6 Rh8
1-0

[Event "Czech Women's Championship"]
[Site "chess24.com"]
[Date "2020.09.06"]
[Round "2"]
[White "Miturova, Magdalena"]
[Black "Petrova, Kristyna"]
[Result "1/2-1/2"]
[WhiteElo "2202"]
[BlackElo "2277"]
[Board "3"]
[WhiteTitle "WIM"]
[WhiteCountry "CZE"]
[WhiteFideId "330221"]
[WhiteEloChange "2"]
[BlackTitle "WIM"]
[BlackCountry "CZE"]
[BlackFideId "309672"]
[BlackEloChange "-2"]

1.Nf3 Nf6 2.g3 d5 3.Bg2 g6 4.d4 Bg7 5.Nbd2 O-O 6.O-O Bf5 7.c4 c6 8.b3 Ne4 
9.Bb2 Qa5 10.Qc1 Nd7 11.Rd1 Bh6 12.e3 Ndf6 13.Ne5 Nxd2 14.Qxd2 Qxd2 15.
Rxd2 Ne4 16.Rdd1 Bg7 17.Rac1 Rac8 18.Ba3 f6 19.Nd3 dxc4 20.bxc4 Nd6 21.d5 
Rfd8 22.Bxd6 exd6 23.dxc6 bxc6 24.Nb4 c5 25.Nd5 Kf8 26.Rc3 Rb8 27.Ra3 Rd7 
28.Nc3 Bg4 29.Rc1 Be6 30.Bc6 Rc7 31.Bd5 1/2-1/2

[Event "Czech Women's Championship"]
[Site "chess24.com"]
[Date "2020.09.06"]
[Round "2"]
[White "Olsarova, Karolina"]
[Black "Kanakova, Natalie"]
[Result "1/2-1/2"]
[WhiteElo "2286"]
[BlackElo "2134"]
[Board "4"]
[WhiteTitle "WGM"]
[WhiteCountry "CZE"]
[WhiteFideId "320242"]
[WhiteEloChange "-4"]
[BlackTitle "WIM"]
[BlackCountry "CZE"]
[BlackFideId "350486"]
[BlackEloChange "4"]

1.e4 e5 2.Bc4 Nc6 3.Nf3 Bc5 4.d3 Nf6 5.Nbd2 d6 6.c3 Bb6 7.a4 a5 8.Ba2 h6 
9.h3 O-O 10.O-O Be6 11.Nc4 Ba7 12.Re1 Re8 13.Ne3 Bxa2 14.Rxa2 d5 15.Qc2 
Bxe3 16.Bxe3 Qd6 17.Raa1 Rad8 18.Red1 Qe6 19.Nd2 Rd7 20.f3 Red8 21.Nf1 b6 
22.Ng3 Ne8 23.Rd2 Nd6 24.Re1 Qg6 25.Bf2 Ne8 26.Nf5 Ne7 27.Nxe7+ Rxe7 28.
exd5 Rxd5 29.d4 Qf6 30.Rde2 Rdd7 31.Rxe5 Nd6 32.Qe2 Nc8 33.Qa6 Rd8 34.Bg3 
Rxe5 35.Bxe5 Qc6 36.Qb5 Qxb5 37.axb5 Rd7 38.Bg3 Kf8 39.b3 Ne7 40.Rb1 Nd5 
41.Rc1 Ke7 42.c4 Nb4 43.d5 Kd8 44.Kf1 f5 45.Rd1 Nc2 46.Kf2 g6 47.Be5 Kc8 
48.Rd2 Nb4 49.Bc3 f4 50.Bxb4 axb4 51.Re2 Kd8 52.Re4 g5 53.Ke2 Rh7 54.Kd3 
Kd7 55.c5 bxc5 56.Kc4 Rh8 57.Kxc5 Ra8 58.Re2 Ra1 59.Kxb4 Rd1 60.Kc4 Rc1+ 
61.Kd4 Rd1+ 62.Ke5 Rb1 63.Rc2 Rxb3 64.Rc6 Rxb5 65.Rxh6 Rb2 66.Rh7+ Kc8 67.
h4 Rxg2 68.hxg5 Rxg5+ 69.Ke4 Kd8 70.Rf7 Rg6 71.Ke5 c6 72.d6 Rg5+ 73.Ke6 
Rg6+ 74.Ke5 Rg5+ 75.Kf6 Rh5 76.Ke6 Rh6+ 77.Ke5 Rh5+ 78.Kxf4 Rd5 79.Ke4 
Rxd6 80.Ke5 Rh6 81.f4 Ke8 82.Rc7 Kf8 83.f5 Ke8 84.f6 Rh1 85.Ke6 Re1+ 86.
Kf5 Rf1+ 87.Kg6 Rg1+ 88.Kh7 Kf8 89.Rxc6 Kf7 90.Rc7+ Kxf6 1/2-1/2

[Event "Czech Women's Championship"]
[Site "chess24.com"]
[Date "2020.09.06"]
[Round "2"]
[White "Kulovana, Eva"]
[Black "Rodshtein, Tereza"]
[Result "0-1"]
[WhiteElo "2178"]
[BlackElo "2175"]
[Board "5"]
[WhiteTitle "WGM"]
[WhiteCountry "CZE"]
[WhiteFideId "318779"]
[WhiteEloChange "-10"]
[BlackTitle "WGM"]
[BlackCountry "CZE"]
[BlackFideId "325449"]
[BlackEloChange "10"]

1.d4 d5 2.c4 dxc4 3.e3 Nf6 4.Bxc4 e6 5.Nf3 a6 6.a4 c5 7.Nc3 Nc6 8.O-O Be7 
9.Qe2 cxd4 10.Rd1 e5 11.exd4 exd4 12.Nxd4 Nxd4 13.Qe5 Qd6 14.Qxd6 Bxd6 15.
Rxd4 Bc5 16.Rd1 O-O 17.h3 Be6 18.Bxe6 fxe6 19.Be3 Bxe3 20.fxe3 Rfd8 21.g4 
h6 22.Kf2 Kf7 23.Kf3 Rac8 24.e4 Nd7 25.Ke2 Ne5 26.Rxd8 Rxd8 27.Rd1 Rxd1 
28.Nxd1 Kf6 29.Ke3 Kg5 30.Kd4 Nd7 31.Ne3 Kh4 32.a5 Kxh3 33.b4 Kg3 34.e5 
Kf4 35.Nc4 Kxg4 36.Nd6 h5 37.Nxb7 h4 38.Nc5 h3 39.Nd3 h2 40.Ke3 Kg3 41.Nf2
Nxe5 42.Ke2 Kg2 43.b5 axb5 44.a6 Nc6 45.Ke3 g5 46.Ke2 g4 0-1

[Event "Czech Women's Championship"]
[Site "chess24.com"]
[Date "2020.09.07"]
[Round "3"]
[White "Rodshtein, Tereza"]
[Black "Novosadova, Kristyna"]
[Result "1-0"]
[WhiteElo "2175"]
[BlackElo "2168"]
[Board "1"]
[WhiteTitle "WGM"]
[WhiteCountry "CZE"]
[WhiteFideId "325449"]
[WhiteEloChange "10"]
[BlackTitle "WIM"]
[BlackCountry "CZE"]
[BlackFideId "328065"]
[BlackEloChange "-10"]

1.e4 e5 2.Nf3 Nc6 3.Bb5 Nge7 4.O-O g6 5.c3 Bg7 6.d4 exd4 7.cxd4 d5 8.exd5 
Nxd5 9.Re1+ Be6 10.Bg5 Qd6 11.Nc3 Nxc3 12.bxc3 O-O 13.Qd2 Ne7 14.Rab1 c6 
15.Bc4 Nd5 16.Rxb7 Rfb8 17.Rxb8+ Rxb8 18.Bb3 Qa3 19.c4 Nf6 20.Bxf6 Bxf6 
21.Qf4 Rxb3 22.axb3 Be7 23.Qb8+ Kg7 24.d5 cxd5 25.cxd5 Bg4 26.Ne5 Qa5 27.
b4 Bxb4 28.Rb1 1-0

[Event "Czech Women's Championship"]
[Site "chess24.com"]
[Date "2020.09.07"]
[Round "3"]
[White "Kanakova, Natalie"]
[Black "Kulovana, Eva"]
[Result "1-0"]
[WhiteElo "2134"]
[BlackElo "2178"]
[Board "2"]
[WhiteTitle "WIM"]
[WhiteCountry "CZE"]
[WhiteFideId "350486"]
[WhiteEloChange "11"]
[BlackTitle "WGM"]
[BlackCountry "CZE"]
[BlackFideId "318779"]
[BlackEloChange "-11"]

1.e4 c6 2.d4 d5 3.Nd2 dxe4 4.Nxe4 Bf5 5.Ng3 Bg6 6.h4 h6 7.Nf3 Nf6 8.Ne5 
Bh7 9.Bd3 Bxd3 10.Qxd3 e6 11.f4 Nbd7 12.Bd2 Be7 13.O-O-O O-O 14.Qf3 Qc7 
15.Ne2 c5 16.g4 cxd4 17.g5 Nxe5 18.fxe5 Qxe5 19.gxf6 Qxf6 20.Qg3 e5 21.
Rhg1 g6 22.Bxh6 Qxh4 23.Qxh4 Bxh4 24.Bxf8 Rxf8 25.Rdf1 Kg7 26.Rg4 Rh8 27.
Kd2 Rh5 28.Re4 Bg5+ 29.Kd3 Rh3+ 30.Kc4 f6 31.a4 Rh2 32.c3 dxc3 33.bxc3 f5 
34.Rxe5 Kf6 35.Nd4 Kxe5 36.Nf3+ Ke4 37.Nxh2 Be3 38.Re1 g5 39.Nf1 f4 40.Nh2
b6 41.Ng4 a6 42.Nh2 Kf5 43.Kd3 Bc5 44.Re8 g4 45.Rg8 g3 46.Nf3 a5 47.Rg5+ 
Kf6 48.Ke4 Be3 49.c4 Ke7 50.Ne1 f3 51.Kxe3 f2 52.Ke2 fxe1=Q+ 53.Kxe1 Kd6 
54.Kf1 1-0

[Event "Czech Women's Championship"]
[Site "chess24.com"]
[Date "2020.09.07"]
[Round "3"]
[White "Petrova, Kristyna"]
[Black "Olsarova, Karolina"]
[Result "1-0"]
[WhiteElo "2277"]
[BlackElo "2286"]
[Board "3"]
[WhiteTitle "WIM"]
[WhiteCountry "CZE"]
[WhiteFideId "309672"]
[WhiteEloChange "10"]
[BlackTitle "WGM"]
[BlackCountry "CZE"]
[BlackFideId "320242"]
[BlackEloChange "-10"]

1.c4 e5 2.Nc3 Nf6 3.g3 d5 4.cxd5 Nxd5 5.Bg2 Nb6 6.Nf3 Nc6 7.d3 Be7 8.a3 
O-O 9.O-O Be6 10.Be3 f5 11.Rc1 Bf6 12.Nd2 Qe8 13.Nb3 Nd7 14.Nd5 Bd8 15.Nc5
Nxc5 16.Rxc5 Qd7 17.Nb4 Nxb4 18.axb4 c6 19.Rxe5 Bf6 20.Ra5 b6 21.Ra6 Bd5 
22.Bxd5+ Qxd5 23.Qa4 Bxb2 24.Bxb6 f4 25.Bc5 Rfe8 26.Qxc6 Qxc6 27.Rxc6 Rxe2
28.gxf4 Rb8 29.Rd1 Ba3 30.Bxa7 Rb7 31.Be3 Bxb4 32.Rb1 Re1+ 33.Rxe1 Bxe1 
34.Kf1 Ba5 35.Ke2 Kf7 36.Kf3 Bd8 37.Bd4 Rb4 38.Be5 Ra4 39.Ke3 Rb4 40.d4 
Rb3+ 41.Ke4 Rb2 42.Rc8 Bf6 43.Rc7+ Kg6 44.f5+ Kh6 45.f4 Re2+ 46.Kd5 Rxh2 
47.Ke6 Re2 48.Rc3 Kh5 49.Rh3+ Bh4 50.d5 Kg4 51.Rxh4+ Kxh4 52.d6 Ra2 53.d7 
Ra8 54.Bxg7 Kg4 55.f6 1-0

[Event "Czech Women's Championship"]
[Site "chess24.com"]
[Date "2020.09.07"]
[Round "3"]
[White "Koubova, Anna Marie"]
[Black "Miturova, Magdalena"]
[Result "0-1"]
[WhiteElo "2040"]
[BlackElo "2202"]
[Board "4"]
[WhiteCountry "CZE"]
[WhiteFideId "381470"]
[WhiteEloChange "-6"]
[BlackTitle "WIM"]
[BlackCountry "CZE"]
[BlackFideId "330221"]
[BlackEloChange "6"]

1.d4 Nf6 2.c4 e6 3.g3 d5 4.Nf3 Bb4+ 5.Nbd2 dxc4 6.Bg2 b5 7.O-O O-O 8.a4 c6
9.axb5 cxb5 10.Ng5 Nd5 11.e4 Nc7 12.Nxh7 Kxh7 13.e5 Rh8 14.Bxa8 Nxa8 15.
Rxa7 Nc7 16.Ne4 Be7 17.Nd6 Kg8 18.Qf3 f5 19.Bd2 Bxd6 20.exd6 Nd5 21.d7 
Bxd7 22.Qa3 Bc6 23.Re1 Nf6 24.Qe7 Qxe7 25.Rxe7 Bd5 26.Bc3 Nc6 27.Rb7 b4 
28.Bxb4 Nxd4 29.Rb8+ Kh7 30.Rxh8+ Kxh8 31.Rd1 Nf3+ 32.Kg2 Ne5+ 33.Kg1 Ne4 
34.Bc3 Nxc3 35.bxc3 g5 36.h3 Kg7 37.Rb1 Nf3+ 0-1

[Event "Czech Women's Championship"]
[Site "chess24.com"]
[Date "2020.09.07"]
[Round "3"]
[White "Richterova, Natasa"]
[Black "Sikorova, Olga"]
[Result "1/2-1/2"]
[WhiteElo "2228"]
[BlackElo "2205"]
[Board "5"]
[WhiteTitle "WIM"]
[WhiteCountry "CZE"]
[WhiteFideId "350591"]
[WhiteEloChange "-1"]
[BlackTitle "WGM"]
[BlackCountry "CZE"]
[BlackFideId "307033"]
[BlackEloChange "1"]

1.d4 Nf6 2.c4 g6 3.Nc3 c5 4.d5 d6 5.e4 Bg7 6.Be2 O-O 7.Nf3 e6 8.dxe6 Bxe6 
9.O-O Nc6 10.Bf4 Ne8 11.Qd2 Ne5 12.b3 a6 13.Rfd1 Qa5 14.Rac1 Nxf3+ 15.Bxf3
Be5 16.Bh6 Ng7 17.Be2 Rfd8 18.Be3 Ne8 19.f4 Bg7 20.Rf1 f5 21.exf5 gxf5 22.
Bf3 Nc7 23.Bxb7 Rab8 24.Bf3 Kh8 25.Rfd1 Ne8 26.Qd3 Qc7 27.Bd5 Bc8 28.Bf3 
Be6 29.Re1 Nf6 30.Rcd1 Qf7 31.Bd5 Bxd5 32.Nxd5 Ne4 33.g3 Rg8 34.Bc1 Bd4+ 
35.Be3 Bg7 36.Kg2 h5 37.Bc1 Rbe8 38.Qc2 Kh7 39.Bb2 h4 40.Bxg7 Qxg7 41.Re3 
hxg3 42.h3 Qh6 43.Rf1 Rg6 1/2-1/2

[Event "Czech Women's Championship"]
[Site "chess24.com"]
[Date "2020.09.08"]
[Round "4"]
[White "Novosadova, Kristyna"]
[Black "Sikorova, Olga"]
[Result "1-0"]
[WhiteElo "2168"]
[BlackElo "2205"]
[Board "1"]
[WhiteTitle "WIM"]
[WhiteCountry "CZE"]
[WhiteFideId "328065"]
[WhiteEloChange "11"]
[BlackTitle "WGM"]
[BlackCountry "CZE"]
[BlackFideId "307033"]
[BlackEloChange "-11"]

1.d4 Nf6 2.Bg5 e6 3.e4 h6 4.Bxf6 Qxf6 5.Nf3 b6 6.e5 Qe7 7.Nbd2 Bb7 8.Bd3 
d6 9.Qe2 g6 10.a4 Bg7 11.a5 O-O 12.a6 Bc6 13.Ra3 dxe5 14.Nxe5 Bxe5 15.Qxe5
Qg5 16.Qxc7 Qxg2 17.Rf1 Nd7 18.Be4 Rac8 19.Qxc6 Rxc6 20.Bxg2 Rxc2 21.Rc3 
Rxb2 22.Rc7 Rd8 23.Rxa7 Nc5 24.dxc5 Rdxd2 25.Bf3 Rd3 26.Rb7 Ra2 27.a7 Kg7 
28.Be4 Rda3 29.Bb1 Rxa7 30.Rxa7 Rxa7 31.c6 Kf6 32.Kd2 Ke5 33.Rc1 Rc7 34.
Bd3 Kd6 35.Bb5 Ra7 36.c7 Rxc7 37.Rxc7 Kxc7 38.Be8 f6 39.Bxg6 Kd6 40.Ke3 b5
41.Kd4 e5+ 42.Ke4 Ke6 43.Bf5+ Kd6 44.Bh7 b4 45.Bg8 Kc6 46.h4 Kd6 47.h5 Kc6
48.Kf5 Kc5 49.Kg6 1-0

[Event "Czech Women's Championship"]
[Site "chess24.com"]
[Date "2020.09.08"]
[Round "4"]
[White "Miturova, Magdalena"]
[Black "Richterova, Natasa"]
[Result "0-1"]
[WhiteElo "2202"]
[BlackElo "2228"]
[Board "2"]
[WhiteTitle "WIM"]
[WhiteCountry "CZE"]
[WhiteFideId "330221"]
[WhiteEloChange "-9"]
[BlackTitle "WIM"]
[BlackCountry "CZE"]
[BlackFideId "350591"]
[BlackEloChange "9"]

1.Nf3 d5 2.g3 Nf6 3.Bg2 Bg4 4.d4 e6 5.h3 Bh5 6.c4 c6 7.O-O Be7 8.Bf4 Nbd7 
9.Nbd2 O-O 10.Re1 Ne4 11.Nxe4 dxe4 12.Ne5 Nxe5 13.Bxe5 f6 14.Bf4 g5 15.Be3
f5 16.f4 gxf4 17.gxf4 Bf6 18.Qd2 Rf7 19.Kh1 Rd7 20.Rg1 Kh8 21.Rad1 Qe7 22.
Qc2 Rad8 23.Rd2 Rg8 24.Qd1 Bf7 25.d5 exd5 26.Bxa7 b5 27.Bd4 bxc4 28.e3 
Bxd4 29.exd4 Qh4 30.Qf1 Bh5 31.b3 cxb3 32.axb3 Rdg7 33.Qf2 Qxf2 34.Rxf2 
Bf3 0-1

[Event "Czech Women's Championship"]
[Site "chess24.com"]
[Date "2020.09.08"]
[Round "4"]
[White "Olsarova, Karolina"]
[Black "Koubova, Anna Marie"]
[Result "1-0"]
[WhiteElo "2286"]
[BlackElo "2040"]
[Board "3"]
[WhiteTitle "WGM"]
[WhiteCountry "CZE"]
[WhiteFideId "320242"]
[WhiteEloChange "4"]
[BlackCountry "CZE"]
[BlackFideId "381470"]
[BlackEloChange "-4"]

1.d4 d5 2.Nf3 Nf6 3.c4 dxc4 4.e3 Bg4 5.Bxc4 e6 6.Nc3 Bd6 7.O-O O-O 8.e4 
Be7 9.Be3 c5 10.dxc5 Nfd7 11.Na4 Nc6 12.Be2 Qc7 13.Rc1 Rfd8 14.Qc2 Rac8 
15.Rfd1 Qa5 16.Bd2 Qc7 17.Be3 Qa5 18.b3 Nce5 19.b4 Qc7 20.Nd4 Qb8 21.f3 
Bh5 22.Qb3 Kf8 23.Nb5 Nc6 24.Nd6 1-0

[Event "Czech Women's Championship"]
[Site "chess24.com"]
[Date "2020.09.08"]
[Round "4"]
[White "Kulovana, Eva"]
[Black "Petrova, Kristyna"]
[Result "0-1"]
[WhiteElo "2178"]
[BlackElo "2277"]
[Board "4"]
[WhiteTitle "WGM"]
[WhiteCountry "CZE"]
[WhiteFideId "318779"]
[WhiteEloChange "-7"]
[BlackTitle "WIM"]
[BlackCountry "CZE"]
[BlackFideId "309672"]
[BlackEloChange "7"]

1.d4 Nf6 2.Nf3 g6 3.Bg5 Bg7 4.Nbd2 d5 5.e3 O-O 6.Bd3 c5 7.c3 Nbd7 8.O-O 
Re8 9.h3 e5 10.dxe5 Nxe5 11.Nxe5 Rxe5 12.Nf3 Re8 13.Qa4 h6 14.Bxf6 Bxf6 
15.Rfd1 Qe7 16.Rd2 a6 17.Be2 Be6 18.Nh2 d4 19.cxd4 cxd4 20.Rxd4 Bxd4 21.
Qxd4 Rad8 22.Qc3 Rc8 23.Qd4 Rc7 24.b3 Rd8 25.Qe5 Rd2 26.Bf1 Bd5 27.Qf4 
Rcc2 28.f3 h5 29.e4 Qc5+ 30.Kh1 Be6 31.Qb8+ Kg7 32.Qg3 Qc3 33.Re1 Rxa2 34.
e5 Rd4 35.Rb1 Qc2 36.Re1 Qxb3 37.Qg5 Rd1 38.Rxd1 Qxd1 39.f4 Bd5 40.f5 
Bxg2+ 41.Qxg2 Rxg2 42.Kxg2 Qc2+ 0-1

[Event "Czech Women's Championship"]
[Site "chess24.com"]
[Date "2020.09.08"]
[Round "4"]
[White "Rodshtein, Tereza"]
[Black "Kanakova, Natalie"]
[Result "1-0"]
[WhiteElo "2175"]
[BlackElo "2134"]
[Board "5"]
[WhiteTitle "WGM"]
[WhiteCountry "CZE"]
[WhiteFideId "325449"]
[WhiteEloChange "9"]
[BlackTitle "WIM"]
[BlackCountry "CZE"]
[BlackFideId "350486"]
[BlackEloChange "-9"]

1.e4 c5 2.Nf3 Nc6 3.d4 cxd4 4.Nxd4 e5 5.Nb5 d6 6.N1c3 a6 7.Na3 Be7 8.Be3 
Nf6 9.Nc4 b5 10.Nb6 Rb8 11.Nxc8 Qxc8 12.g3 O-O 13.Bg2 b4 14.Nd5 Nxd5 15.
Qxd5 b3 16.c3 Nd4 17.Bxd4 Rb5 18.Bc5 bxa2 19.O-O dxc5 20.Qxa2 Qb8 21.Rfb1 
a5 22.Bf1 Rb7 23.b3 Bd8 24.Bc4 Bb6 25.Rd1 Rd8 26.Qa4 g6 27.Qc6 Rxd1+ 28.
Rxd1 Kg7 29.Rd6 a4 30.bxa4 Ba5 31.Rd3 Qc7 32.Qd5 Rb6 33.Kg2 h5 34.Qd7 Rb7 
35.Qd5 Rb6 36.h4 Rf6 37.Bb5 Re6 38.Qc4 Re7 39.Rd5 Bb6 40.Qd3 Ba5 41.c4 Re6
42.Rd7 Qb8 43.Qd5 Qb6 44.Rb7 Qd6 45.Ra7 Bc3 46.a5 Qb8 47.Rb7 Qd6 48.a6 
Qxd5 49.cxd5 Rf6 50.a7 Bd4 51.f3 1-0

[Event "Czech Women's Championship"]
[Site "chess24.com"]
[Date "2020.09.09"]
[Round "5"]
[White "Kanakova, Natalie"]
[Black "Novosadova, Kristyna"]
[Result "1/2-1/2"]
[WhiteElo "2134"]
[BlackElo "2168"]
[Board "1"]
[WhiteTitle "WIM"]
[WhiteCountry "CZE"]
[WhiteFideId "350486"]
[WhiteEloChange "1"]
[BlackTitle "WIM"]
[BlackCountry "CZE"]
[BlackFideId "328065"]
[BlackEloChange "-1"]

1.e4 c5 2.Nf3 Nc6 3.d4 cxd4 4.Nxd4 Nf6 5.Nc3 d6 6.Bc4 Qb6 7.Nxc6 bxc6 8.
O-O e6 9.Bb3 Be7 10.Bf4 e5 11.Be3 Qc7 12.h3 Ba6 13.Re1 Nd7 14.Qg4 Bf6 15.
Rad1 O-O 16.Ne2 g6 17.h4 Bg7 18.Ng3 Nf6 19.Qf3 d5 20.Bg5 dxe4 21.Nxe4 Nxe4
22.Qxe4 Kh8 23.Qe3 f5 24.Bh6 Bxh6 25.Qxh6 f4 26.Be6 Qg7 27.Qxg7+ Kxg7 28.
Rd7+ Kf6 29.Bb3 Rad8 30.Red1 Rxd7 31.Rxd7 Bc8 32.Rd6+ Ke7 33.Rxc6 e4 34.
Rc5 Kf6 35.Kf1 Rd8 36.Bd5 Bf5 37.Ke2 h6 38.c4 g5 39.Rc6+ Ke5 40.Rxh6 gxh4 
41.Rxh4 Rb8 42.b3 a5 43.Kd2 Rb6 44.g3 fxg3 45.fxg3 a4 46.g4 axb3 47.axb3 
Bd7 48.Rh7 e3+ 49.Kc2 Bxg4 50.Re7+ Kf4 51.Re4+ Kf3 52.Re6+ Kf2 53.Rxb6 
Bf5+ 54.Kb2 e2 55.Rf6 e1=Q 56.Rxf5+ Kg3 57.Rf3+ Kg4 58.Kc2 Qe2+ 59.Kc3 
Qe1+ 60.Kd4 Qd2+ 61.Ke5 Qg5+ 62.Ke6 Qg6+ 63.Kd7 Qb6 64.Bc6 Kg5 65.Kd6 Qd4+
66.Bd5 Qb6+ 67.Ke5 Qc7+ 68.Kd4 Qg7+ 69.Kd3 Qg6+ 70.Kd2 Qb6 71.Kc3 Qa5+ 72.
Kd3 Qb6 73.Kc2 Qa5 74.Rf7 Qa2+ 75.Kc3 Qa5+ 76.Kd3 Qa3 77.Rb7 Kf4 78.Kd4 
Qa1+ 79.Kc5 Qa5+ 80.Kc6 Qa6+ 81.Rb6 Qc8+ 82.Kb5 Qd7+ 83.Bc6 Qf5+ 84.Ka6 
Qc8+ 85.Ka5 Qf5+ 86.Bd5 Ke3 87.b4 Kd4 88.Rb7 Qf8 89.Kb5 Qe8+ 90.Bc6 Qe2 
91.Bd5 Qe8+ 92.Kb6 Qf8 93.Ka7 Qd8 94.Bf7 Kc3 95.c5 Qd4 96.Ka6 Qf6+ 97.Ka5 
Qd8+ 98.Rb6 Qc7 99.Be6 Kb2 100.Kb5 Kc3 101.Bd5 Kd4 102.Bc6 Qf7 103.Rb7 
Qc4+ 104.Ka5 Kc3 105.Ba4 Qd5 106.Rb6 Qa8+ 107.Kb5 Qd5 108.Ka5 Qa8+ 109.Ra6
Qd8+ 110.Rb6 Qa8+ 111.Ra6 Qd8+ 1/2-1/2

[Event "Czech Women's Championship"]
[Site "chess24.com"]
[Date "2020.09.09"]
[Round "5"]
[White "Petrova, Kristyna"]
[Black "Rodshtein, Tereza"]
[Result "1/2-1/2"]
[WhiteElo "2277"]
[BlackElo "2175"]
[Board "2"]
[WhiteTitle "WIM"]
[WhiteCountry "CZE"]
[WhiteFideId "309672"]
[WhiteEloChange "-3"]
[BlackTitle "WGM"]
[BlackCountry "CZE"]
[BlackFideId "325449"]
[BlackEloChange "3"]

1.Nf3 d5 2.e3 Nf6 3.c4 c6 4.Nc3 e6 5.b3 Bd6 6.Bb2 Nbd7 7.Qc2 O-O 8.Be2 Qe7
9.O-O b6 10.d4 Bb7 11.Rfd1 Rfd8 12.Rac1 Rac8 13.g3 a6 14.Qb1 c5 15.cxd5 
exd5 16.Bf1 h6 17.Bg2 Qe6 18.dxc5 bxc5 19.Qd3 Bb8 20.Nh4 Ne5 21.Qb1 Ba7 
22.Ne2 Neg4 23.Nf4 Qb6 24.Nf5 Qc7 25.Nxg7 d4 26.Nge6 fxe6 27.Nxe6 Qf7 28.
Bxb7 Ne4 29.Rc2 Nexf2 30.Nxd8 Nh3+ 31.Kh1 Rxd8 32.Be4 Nhf2+ 33.Rxf2 Nxf2+ 
34.Kg2 Nxd1 1/2-1/2

[Event "Czech Women's Championship"]
[Site "chess24.com"]
[Date "2020.09.09"]
[Round "5"]
[White "Richterova, Natasa"]
[Black "Olsarova, Karolina"]
[Result "0-1"]
[WhiteElo "2228"]
[BlackElo "2286"]
[Board "4"]
[WhiteTitle "WIM"]
[WhiteCountry "CZE"]
[WhiteFideId "350591"]
[WhiteEloChange "-8"]
[BlackTitle "WGM"]
[BlackCountry "CZE"]
[BlackFideId "320242"]
[BlackEloChange "8"]

1.d4 Nf6 2.c4 e6 3.g3 d5 4.Nf3 Bb4+ 5.Bd2 Be7 6.Bg2 O-O 7.O-O c6 8.Qc2 b6 
9.Bg5 Bb7 10.Rd1 Nbd7 11.b3 a6 12.Nc3 Ra7 13.e4 dxe4 14.Nxe4 c5 15.Nc3 Qa8
16.d5 exd5 17.Nxd5 Bd8 18.Bf4 Nxd5 19.cxd5 Nf6 20.Ng5 h6 21.Ne4 Nxd5 22.
Bd6 Re8 23.Qd2 Nf6 24.Nxf6+ Bxf6 25.Bxb7 Rxb7 26.Rac1 Rd7 27.Qc2 Bd4 28.
Bf4 g5 29.Qf5 Qf3 30.Rf1 Rd5 31.Qh3 gxf4 32.Qxh6 fxg3 0-1